000 00961nam a22003257a 4500
001 0005163
003 KOHA_MİRAKIL
005 20260207001434.0
007 ta
008 100817b1995 tu |||gr||||#||||0|tur |
020 _a9753632916
040 _aTR-BiSEU
_btur
_cTR-BiSEU
_erda
041 0 _atur
044 _ctu
050 _aBP161.2
_b.T85 1995
100 1 _aTuksavul, Muammer.
245 1 _aBen de Müslümanım/
_cMuammer Tuksavul ; Muammer Tuksavul.
264 1 _aİstanbul :
_bYapı Kredi Yayınları
_c1995
300 _a242 sayfa
336 _ametin
_btxt
_2rdacontent
337 _aaracısız
_bn
_2rdamedia
338 _acilt
_bnc
_2rdacarrier
650 0 _aIslam.
_93267
650 0 _aIslam--History.
_912345
650 0 _aIslam--Turkey--History.
_912346
650 0 _aIslam and politics--Turkey.
_99100
650 0 _aIslam--Relations--Christianity.
_912347
650 0 _aChristianity--Relations--Islam.
_912348
942 _2lcc
_cBK
999 _c5145
_d5145